|
|
|
|
| LEADER |
00000nam a2200000 i 4500 |
| 001 |
DIGXIAGT144 |
| 003 |
NyNyDIG |
| 006 |
m o d |
| 008 |
210420s2016 sp o 000 f spa d |
| 007 |
cr ||||||||||| |
| 035 |
|
|
|a (OCoLC)1247939822
|
| 040 |
|
|
|a DGITA
|b eng
|e rda
|e pn
|c DGITA
|
| 020 |
|
|
|a 9788416734290
|q eBook
|
| 020 |
|
|
|a 8416734291
|q eBook
|
| 020 |
|
|
|z 9788416734085
|
| 020 |
|
|
|z 8416734089
|
| 050 |
1 |
4 |
|a PQ6666.E7668 ebook
|
| 082 |
0 |
4 |
|a 863.64
|a Fic
|
| 100 |
1 |
|
|a Pérez Zúñiga, Ernesto,
|e author.
|
| 245 |
1 |
0 |
|a No cantaremos en tierra de extraños /
|c Ernesto Pérez Zúñiga.
|
| 264 |
|
1 |
|a Barcelona :
|b Galaxia Gutenberg,
|c [2016]
|
| 300 |
|
|
|a 1 online resource.
|
| 336 |
|
|
|a text
|b txt
|2 rdacontent
|
| 337 |
|
|
|a computer
|b c
|2 rdamedia
|
| 338 |
|
|
|a online resource
|b cr
|2 rdacarrier
|
| 347 |
|
|
|a text file
|2 rdaft
|
| 347 |
|
|
|b PDF
|
| 588 |
0 |
|
|a Online resource; title from PDF title page (Digitalia, viewed April 20, 2021)
|
| 655 |
|
7 |
|a Fiction.
|2 lcgft
|
| 655 |
|
0 |
|a Electronic books.
|
| 791 |
2 |
|
|a Digitalia (Firm),
|e distributor.
|
| 793 |
0 |
|
|g Digitalia eBook Collection:
|a Galaxia Gutenberg
|
| 776 |
0 |
8 |
|a Pérez Zúñiga, Ernesto.
|t No cantaremos en tierra de extraños.
|b Primera edición.
|d Barcelona : Galaxia Gutenberg, septiembre 2016
|z 9788416734085
|w (DLC) 2016483784
|w (OCoLC)961988042
|
| 856 |
4 |
0 |
|3 Digitalia Hispánica
|u https://www.digitaliapublishing.com/a/55431/
|
| 910 |
|
|
|a Premium collection: 2021
|